| 000 -CABECERA |
| campo de control de longitud fija |
00922nam a2200265 u 4500 |
| 001 - NÚMERO DE CONTROL |
| campo de control |
000059974 |
| 005 - FECHA Y HORA DE LA ÚLTIMA TRANSACCIÓN |
| campo de control |
20200120223858.0 |
| 008 - DATOS DE LONGITUD FIJA--INFORMACIÓN GENERAL |
| campo de control de longitud fija |
140109t2012 ck r 000 0 spa d |
| 020 ## - NÚMERO INTERNACIONAL ESTÁNDAR DEL LIBRO |
| Número Internacional Estándar del Libro |
9789588640174 |
| 041 0# - CÓDIGO DE LENGUA |
| Código de lengua del texto/banda sonora o título independiente |
#*spa |
| 082 04 - NÚMERO DE LA CLASIFICACIÓN DECIMAL DEWEY |
| Número de clasificación |
864 |
| Número de documento/Ítem |
O76l |
| Número de edición |
21 |
| 100 1# - ENTRADA PRINCIPAL--NOMBRE DE PERSONA |
| Nombre de persona |
Ospina, William |
| Fechas asociadas al nombre |
1954- |
| 245 13 - MENCIÓN DE TÍTULO |
| Título |
La lámpara maravillosa : |
| Resto del título |
cuatro ensayos sobre la educación y unelogio de la lectura / |
| Mención de responsabilidad, etc. |
William Ospina. |
| 250 ## - MENCIÓN DE EDICIÓN |
| Mención de edición |
1a ed. |
| 260 ## - PUBLICACIÓN, DISTRIBUCIÓN, ETC. |
| Lugar de publicación, distribución, etc. |
[Bogotá] : |
| Nombre del editor, distribuidor, etc. |
Random House Mondadori, |
| Fecha de publicación, distribución, etc. |
2012. |
| 300 ## - DESCRIPCIÓN FÍSICA |
| Extensión |
98 p. |
| 490 #0 - MENCIÓN DE SERIE |
| Mención de serie |
Literatura Mondadori |
| 500 ## - NOTA GENERAL |
| Nota general |
El ej: 6 de la Biblioteca Ciudadela con ISBN : 9789588640600 |
| -- |
Ej.1 de la Biblioteca Mosquera con ISBN:9789588640600 reimpresión de 2013 |
| 502 ## - NOTA DE TESIS |
| Nota de tesis |
Tesis |
| 504 ## - NOTA DE BIBLIOGRAFÍA, ETC. |
| Nota de bibliografía, etc. |
Referencias bibliográficas : p. |
| 506 0# - NOTA DE RESTRICCIONES AL ACCESO |
| Limitaciones de acceso |
General |
| 650 14 - PUNTO DE ACCESO ADICIONAL DE MATERIA--TÉRMINO DE MATERIA |
| Término de materia o nombre geográfico como elemento de entrada |
Literatura colombiana |
| Subdivisión cronológica |
Siglo XX |
| 650 24 - PUNTO DE ACCESO ADICIONAL DE MATERIA--TÉRMINO DE MATERIA |
| Término de materia o nombre geográfico como elemento de entrada |
Ensayos colombianos |
| Subdivisión cronológica |
Siglo XX |
| 650 24 - PUNTO DE ACCESO ADICIONAL DE MATERIA--TÉRMINO DE MATERIA |
| Término de materia o nombre geográfico como elemento de entrada |
Literatura y sociedad |